|
|
|
|
| LEADER |
00000nam0a2200000 4500 |
| 001 |
268774 |
| 005 |
20231031224253.0 |
| 035 |
|
|
|a (RuTPU)RU\TPU\book\291929
|
| 090 |
|
|
|a 268774
|
| 100 |
|
|
|a 20140908d1892 k y0rusy50 ca
|
| 101 |
0 |
|
|a ger
|
| 102 |
|
|
|a DE
|
| 105 |
|
|
|a y m 000zy
|
| 200 |
1 |
|
|a Ueber Systeme hoherer complexer Zahlen
|f T. Molien
|
| 210 |
|
|
|a Leipzig
|c Neuer Verlag von B. G. Teubner
|d 1892
|
| 215 |
|
|
|a S. 83-156
|
| 225 |
1 |
|
|a Mathematische Annalen
|v Bd. 41
|
| 300 |
|
|
|a Работа Ф. Э. Молина "О системах высших комплексных чисел" в 1891 г. была представлена в качестве докторской диссертации. Её защита состоялась 30.09. 1892 г. в Дерптском Университете
|
| 541 |
1 |
|
|a О системах высших комплексных чисел
|z rus
|
| 610 |
1 |
|
|a высшая математика
|
| 610 |
1 |
|
|a комплексные числа
|
| 610 |
1 |
|
|a труды учёных ТПУ
|
| 610 |
1 |
|
|a коллекция ТПУ
|
| 675 |
|
|
|a 511.6
|v 3
|
| 700 |
|
1 |
|a Molien
|b T.
|g Theodor
|
| 801 |
|
1 |
|a RU
|b 63413507
|c 20140908
|
| 801 |
|
2 |
|a RU
|b 63413507
|c 20201123
|g RCR
|
| 942 |
|
|
|c BK
|